Cuenca lechera Bahía Blanca-Punta Alta.
Guardado en:
| Autor Corporativo: | |
|---|---|
| Formato: | Libro |
| Idioma: | Spanish |
| Publicado: |
Buenos Aires :
CFI,
[19--].
|
| Materias: | |
| Etiquetas: |
Agregar Etiqueta
Sin Etiquetas, Sea el primero en etiquetar este registro!
|
| LEADER | 00640nam a22002295a 4500 | ||
|---|---|---|---|
| 001 | EAD.bibadm003693 | ||
| 003 | AR-BaBDC | ||
| 005 | 20100211094135.0 | ||
| 008 | 080718b########ag############000#0#spa#d | ||
| 245 | 1 | 0 | |a Cuenca lechera Bahía Blanca-Punta Alta. |
| 260 | |a Buenos Aires : |b CFI, |c [19--]. | ||
| 300 | |a 119 p. | ||
| 110 | 2 | |a Consejo Federal de Inversiones (Argentina). | |
| 082 | 0 | 4 | |a 637 |
| 653 | |a Leche | ||
| 653 | |a Productos lacteos | ||
| 653 | |a Consumo | ||
| 653 | |a Transporte | ||
| 653 | |a Cuenca lechera | ||
| 653 | |a Bahia blanca | ||
| 653 | |a Punta alta | ||
| 859 | |a AR-BaBDC |b BIB. ADMINISTRACION GABCOOP - Libros |h 637 |i C765 |p g00387 | ||
